[Event "Tunja Boyaca op-B"]
[Site "Tunja"]
[Date "2019.08.03"]
[Round "6"]
[White "Medina Martinez, Manuel Alfredo"]
[Black "Rico Hernandez, Edgar"]
[Result "1-0"]
[WhiteElo "1600"]
[BlackElo "1829"]
[PlyCount "54"]
[EventDate "2019.07.31"]
[EventType "swiss"]
[EventRounds "9"]
[EventCountry "COL"]
[SourceTitle "EXT 2020"]
[Source "ChessBase"]
[SourceDate "2019.10.17"]
[SourceVersion "1"]
[SourceVersionDate "2019.10.17"]
[SourceQuality "1"]

1. e4 c6 2. Nf3 d5 3. e5 Bg4 4. Be2 e6 5. 0-0 Nd7 6. d4 Ne7 7. Bg5 Qb6 8. b3 c5 9. c3 Nc6 10. Be3 Rc8 11. a4 a6 12. Na3 cxd4 13. cxd4 Bxa3 14. Rxa3 Na5 15. Qb1 Qb4 16. Qb2 0-0 17. Bd2 Qb6 18. Qb1 Bf5 19. Bd3 Bxd3 20. Qxd3 Nc6 21. Ng5 g6 22. Qh3 h5 23. Nxe6 Rfe8 24. Be3 Nf8 25. Nf4 Qd8 26. Nxh5 gxh5 27. Qxh5 Ng6 1-0

[Event "Tunja Boyaca op-B"]
[Site "Tunja"]
[Date "2019.08.01"]
[Round "3"]
[White "Gutierrez Pinzon, Cristian Gustavo"]
[Black "Medina Martinez, Manuel Alfredo"]
[Result "1/2-1/2"]
[WhiteElo "1827"]
[BlackElo "1600"]
[PlyCount "80"]
[EventDate "2019.07.31"]
[EventType "swiss"]
[EventRounds "9"]
[EventCountry "COL"]
[SourceTitle "EXT 2020"]
[Source "ChessBase"]
[SourceDate "2019.10.17"]
[SourceVersion "1"]
[SourceVersionDate "2019.10.17"]
[SourceQuality "1"]

1. e4 e5 2. Nf3 Nc6 3. d4 exd4 4. Nxd4 Nxd4 5. Qxd4 d6 6. Bf4 Ne7 7. Nc3 Nc6 8. Qd2 Be7 9. 0-0-0 Be6 10. Bb5 0-0 11. f3 Bf6 12. Nd5 Bxd5 13. exd5 Nb8 14. g4 Nd7 15. g5 Be5 16. Be3 g6 17. h4 Re8 18. h5 a6 19. Bd3 Nc5 20. Bxc5 dxc5 21. f4 Bd4 22. Qh2 Qxd5 23. c3 Qxa2 24. cxd4 Re7 25. hxg6 fxg6 26. Qc2 Qa1+ 27. Kd2 Qa5+ 28. Kc1 Qa1+ 29. Qb1 Qxb1+ 30. Kxb1 cxd4 31. Bc4+ Kg7 32. Rxd4 Rf8 33. Rhd1 b5 34. Rd7 Rfe8 35. Be6 Kf8 36. Rxe7 Kxe7 37. f5 gxf5 38. Bxf5 Rg8 39. Re1+ Kd6 40. Rg1 Rg7 1/2-1/2